|
|
|
|
| LEADER |
01174ppm a22002418a 4500 |
| 001 |
00045804 |
| 005 |
20200910080928.0 |
| 008 |
170627s2017 ||||||viesd |
| 041 |
0 |
# |
|a vie
|
| 082 |
1 |
4 |
|b QH600H
|a 621.319
|
| 100 |
1 |
# |
|a Dương, Lê Mạnh Cường
|
| 245 |
0 |
0 |
|c Dương Lê Mạnh Cường; Trương Việt Anh (hướng dẫn)
|a Quy hoạch mở rộng lưới điện truyền tải
|b Luận văn thạc sĩ. Chuyên ngành: Kỹ thuật điện - 60520202
|
| 260 |
# |
# |
|b Đại học Sư phạm Kỹ thuật Thành phố Hồ Chí Minh
|c 2019
|a Thành phố Hồ Chí Minh
|
| 300 |
# |
# |
|a 61tr
|c 30 cm
|e 1 bản tóm tắt + 1 CD
|
| 500 |
# |
# |
|a ĐTTS ghi: Bộ giáo dục và đào tạo. Trường Đại học Sư phạm Kỹ thuật Thành phố Hồ Chí Minh
|
| 653 |
# |
# |
|a Luận văn
|
| 653 |
# |
# |
|a Mở rộng
|
| 653 |
# |
# |
|a Quy hoạch
|
| 653 |
# |
# |
|a Điện truyền tải
|
| 700 |
1 |
# |
|a Trương, Việt Anh
|e Hướng dẫn
|
| 852 |
# |
# |
|j LV.0002331
|
| 910 |
0 |
# |
|d 10/9/2020
|
| 980 |
# |
# |
|a Trung tâm Học liệu Lê Vũ Hùng, Trường Đại học Đồng Tháp
|